| 000 | 00413nam a2200181Ia 4500 | ||
|---|---|---|---|
| 005 | 20250423101327.0 | ||
| 008 | 250422s9999 xx 000 0 und d | ||
| 020 | _a9781546298 | ||
| 050 | _aPR 9387 .P67/ | ||
| 100 | _aPopoola, D. | ||
| 245 | 4 | _aThe matter of up bringing | |
| 260 | _aIbadan | ||
| 260 | _bUniversity press ltd | ||
| 260 | _c2008 | ||
| 300 | _a133 p | ||
| 650 | _aLiterature | ||
| 942 | _cBK | ||
| 999 |
_c35984 _d35984 |
||